00980nam a2200241 a 450000100100000000500170001000800410002704000250006808200220009324500640011526000560017930000210023549000260025650000710028260000410035365100640039465100620045883000330052091000390055304900090059295201200060199900170072100001774720240302073956.0100331s1986 cu 000 0 spa d aDO-SdBNPbspacBNPHU a923.57293bG633ma00aMáximo Gómez /cselección de textos Salvador Morales. aLa Habana :bEditorial de Ciencias Sociales,c1986. a249 p. ;c24 cm.1 aEdiciones Políticas aIncluye referencias bibliográficas notas al pie de las páginas10aGómez, Máximo,d1836-1905912249 4aCubaxHistoriayGUERRA DE LOS DIEZ AÑOS, 1868-1878911018 4aCubaxHistoriayGUERRA DE INDEPENDENCIA, 1895-1898911019 0aEdiciones Políticas918924 aValidado. Control de calidad BNPHU aBNPD 001050718MOaPDbPDcHDd2010-03-31iLF1l0o923.57293 G633map17747-10r2020-06-25w2020-06-25y1ZNo se presta c17272d17272